00526nam a2200181Ia 4500008004100000020001800041082001800059100001600077245002600093250000600119260003900125300001800164500002400182650001600206942000700222952009800229999001700327230524s9999 xx 000 0 und d a9788189866792 a621.3813bRAJ aG.S.N. Raju 0aMicrowave Engineering a1 aNew DelhibI.K.Internationalc2013 a"XVIII,427p:" aQuantity Number: 1 aElectronics cBK 00104070aTATCLbTATCLcGENd2023-05-24l0o621.3813 RAJp54233r2023-05-24w2023-05-24yBK c57942d57942